000 00360nam a2200169Ia 4500
001 8209
005 20250626025558.0
008 211022s9999 xx 000 0 und d
082 _a741.6 ZAH
100 _aZahabiya Jam
245 0 _aMedia facade
260 _aKarachi
260 _bIndus Valley School
260 _c2005
300 _av. p.
942 _cDISS
999 _c5699
_d5699